English silver (Record no. 778)

MARC details
000 -CABECERA
campo de control de longitud fija 00723nam a2200217 a 4500
001 - NÚMERO DE CONTROL
campo de control BRCA_883
005 - FECHA Y HORA DE LA ÚLTIMA TRANSACCIÓN
campo de control 20190320203206.0
008 - DATOS DE LONGITUD FIJA--INFORMACIÓN GENERAL
campo de control de longitud fija 261005s1992----us-a---###---#000-0#eng-d
020 ## - NÚMERO INTERNACIONAL ESTÁNDAR DEL LIBRO
Número Internacional Estándar del Libro 0963287001
050 #4 - SIGNATURA TOPOGRÁFICA DE LA BIBLIOTECA DEL CONGRESO
Número de clasificación NK7143
Número de documento/Ítem .E54 1992
245 10 - MENCIÓN DE TÍTULO
Título English silver
Resto del título Masterpices by Omar Ramsden
Mención de responsabilidad, etc. introduction by Eric Turner ; Lynn Springer Roberts.
260 ## - PUBLICACIÓN, DISTRIBUCIÓN, ETC.
Lugar de publicación, distribución, etc. Nueva York
Nombre del editor, distribuidor, etc. Davis A. Hanks
Fecha de publicación, distribución, etc. 1992
300 ## - DESCRIPCIÓN FÍSICA
Extensión 79 p.
Otras características físicas il. (algunas a color)
Dimensiones 30 cm.
440 #0 - MENCIÓN DE SERIE/PUNTO DE ACCESO ADICIONAL--TÍTULO
Título Colección Campbell
9 (RLIN) 2941
600 14 - PUNTO DE ACCESO ADICIONAL DE MATERIA--NOMBRE DE PERSONA
Nombre de persona Omar Ramsden
Fechas asociadas al nombre 1873-1939
9 (RLIN) 2942
650 14 - PUNTO DE ACCESO ADICIONAL DE MATERIA--TÉRMINO DE MATERIA
Término de materia o nombre geográfico como elemento de entrada Colecciones y coleccionistas
Subdivisión de forma Catálogos
Subdivisión geográfica Estados Unidos
9 (RLIN) 2943
653 0# - TÉRMINO DE INDIZACIÓN--NO CONTROLADO
Término no controlado Plata
700 1# - PUNTO DE ACCESO ADICIONAL--NOMBRE DE PERSONA
Nombre de persona Turner, Eric
9 (RLIN) 2944
700 1# - PUNTO DE ACCESO ADICIONAL--NOMBRE DE PERSONA
Nombre de persona Springer Roberts, Lynn
9 (RLIN) 2945
942 ## - ELEMENTOS DE PUNTO DE ACCESO ADICIONAL (KOHA)
Fuente del sistema de clasificación o colocación Library of Congress Classification
Tipo de ítem Koha Libros
Holdings
Estado de retiro Estado de pérdida Estado dañado No para préstamo Localización permanente Ubicación/localización actual Fecha de adquisición Total de préstamos Signatura topográfica completa Código de barras Fecha visto por última vez Precio válido a partir de Tipo de ítem Koha
El ejemplar forma parte de la colección y puede ser consultado según las políticas vigentes.       Biblioteca del Museo Franz Mayer (Rogerio Casas-Alatriste) Biblioteca del Museo Franz Mayer (Rogerio Casas-Alatriste) 26/06/2008   NK7143 .E54 1992 01357 22/03/2019 22/03/2019 Libros